000
00313nam a22001337a 4500
008
181218b xxu||||| |||| 00| 0 eng d
020
_a
9781411403321
041
_a
eng
080
_a
159.8
100
_a
49
101
_a
PSI
245
_a
Psychology A complete Course In A book
_c
James.d
942
_2
udc
_c
BK
999
_c
53439
_d
53439